000 01099nam a22003617a 4500
001 0019075
003 KOHA_MİRAKIL
005 20260207002224.0
007 ta
008 100707b2009 tu a|||gr||||#||||0|tur |
020 _a9789944223812
040 _aTR-BiSEU
_btur
_cTR-BiSEU
_erda
041 0 _atur
044 _ctu
050 _aHF5415.5
_b.A38 2009
100 1 _aAktepe, Cemalettin.
245 1 _aMüşteri ilişkileri yönetimi/
_cCemalettin Aktepe ; Cemalettin Aktepe, Mehmet Baş, Metehan Tolon.
264 1 _aAnkara :
_bDetay
_c2009
300 _a163 sayfa :
_bgrf ;
_c21 cm.
336 _ametin
_btxt
_2rdacontent
337 _aaracısız
_bn
_2rdamedia
338 _acilt
_bnc
_2rdacarrier
490 1 _aDetay yayınları ;
_v274.
500 _aKaynakça var.
650 0 _aMüşteri ilişkileri--Yönetim.
_98092
650 0 _aPazarlama.
_92020
650 0 _aSatıcılık.
_98896
650 0 _aCustomer relations--Management.
_98094
650 0 _aMarketing.
_92838
650 0 _aSalesmanship.
_942397
830 1 _aDetay yayınları ;
_v274.
_91998
942 _2lcc
_cBK
999 _c19032
_d19032